Statistiques concernant Culture cinématographique - Série 17

Cliquez ici pour prendre le quiz!

Statistiques générales

  • Ce quiz a été pris 106 fois
  • Le résultat moyen est 5 sur 10

Statistiques - réponses

QuestionRéponse% Correct
Dans "Le cercle des poètes disparus" réalisé par Peter Weir en 1989, qui est "John Keating" ?Robin Williams
93%
Dans "L'armée des 12 singes" réalisé par Terry Gilliam en 1995, qui est "James Cole" ?Bruce Willis
77%
Dans "Indochine" réalisé par Régis Wargnier en 1992, qui est "Eliane Devries" ?Catherine Deneuve
72%
Dans "La maison du bonheur" réalisé par Dany Boon en 2006, qui est "Charles Boulin" ?Dany Boon
69%
Dans "Entretien avec un vampire" réalisé par Neil Jordan en 1994, qui est "Lestat de Lioncourt" ?Tom Cruise
67%
Dans "A nos amours" réalisé par Maurice Pialat en 1983, qui est "Suzanne" ?Sandrine Bonnaire
51%
Dans "Indochine" réalisé par Régis Wargnier en 1992, qui est "Jean-Baptiste" ?Vincent Perez
18%
Dans "Révélations" réalisé par Michael Mann en 1999, qui est "Lowell Bergman" ?Al Pacino
15%
Dans "Speed" réalisé par Jan de Bont en 1994, qui est "Howard Payne" ?Dennis Hopper
14%
Dans "Sexes, mensonges et vidéo" réalisé par Steven Soderbergh en 1989, qui est "Graham Dalton" ?James Spader
12%

Distribution des résultats

Percentile par nombre de réponses

% des personnes avec chaque résultat

Votre développement - résultats

Vous n’avez pas pris ce quiz